Größte Städte der Ukraine - Statistiken

Allgemein
  • Dieses Quiz wurde 1.075 mal gespielt
  • Das Durchschnittsergebnis liegt bei 7 aus 15
Antwortstatistiken
Bevölkerung Stadt % Korrekt
2.952.301 Kiew
99%
1.010.537 Odessa
84%
1.421.125 Charkiw
78%
901.645 Donezk
78%
717.273 Lemberg
74%
425.681 Mariupol
55%
397.677 Luhansk
54%
968.502 Dnipro
51%
485.386 Sewastopol
35%
710.052 Saporischschja
24%
470.011 Mykolajiw
18%
340.540 Simferopol
16%
603.904 Krywyj Rih
13%
369.739 Winnyzja
7%
338.968 Makijiwka
3%
Keine übereinstimmenden Quizze gefunden
Verteilung der Resultate
Anzahl Personen mit jedem Resultat
Perzentil nach korrekt beantworteten Fragen
Ihre Resultats-Entwicklung
Sie haben dieses Quiz noch nicht gespielt